[Event "Polfinaly Mistrzostw Polski Juniorow 2023 C-13"]
[Site "Jastrzebia Gora"]
[Date "1899-12-30"]
[Round "2.14"]
[White "Kucinski, Jan"]
[Black "Malas, Maksymilian"]
[Result "1/2-1/2"]
[WhiteTitle "II"]
[BlackTitle "II"]
[WhiteElo "1230"]
[BlackElo "1283"]

1. e4 c5 2. Nf3 a6 3. d4 cxd4 4. Nxd4 e6 5. Nc3 b5 6. Bd3 Bb7 7. O-O Nc6 8. Be3
Rc8 9. Nxc6 Bxc6 10. e5 Qc7 11. f4 Qb7 12. Rf2 Rd8 13. Kh1 d6 14. exd6 Bxd6 15.
f5 e5 16. Bg5 Ne7 17. Qe1 f6 18. Bd2 O-O 19. Ne4 Nd5 20. c4 Nf4 21. Bxf4 exf4
22. Nxd6 Rxd6 23. cxb5 Bxb5 24. Bxb5 Qxb5 25. Rxf4 Qxb2 26. Rf2 Qd4 27. h3 Rfd8
28. Re2 Qxa1 29. Qxa1 Rd1+ 30. Qxd1 Rxd1+ 31. Kh2 Ra1 1/2-1/2

[Event "Polfinaly Mistrzostw Polski Juniorow 2023 C-13"]
[Site "Jastrzebia Gora"]
[Date "1899-12-30"]
[Round "2.15"]
[White "Kaszuba, Michal"]
[Black "Smejda, Hubert"]
[Result "1-0"]
[WhiteTitle "II+"]
[BlackTitle "III"]
[WhiteElo "1536"]
[BlackElo "1091"]

1. d4 d5 2. Nf3 Nf6 3. g3 Bf5 4. Bg2 e6 5. O-O h6 6. c4 c6 7. Nc3 Be7 8. Nh4 Bh7
9. Qb3 Qb6 10. c5 Qxb3 11. axb3 Na6 12. Bd2 O-O 13. Ra4 Nd7 14. Nf3 g5 15. h4
g4 16. Ne1 h5 17. e4 Nf6 18. e5 Nd7 19. Bh6 Rfe8 20. b4 Nc7 21. Bf4 b6 22. b3
bxc5 23. bxc5 Reb8 24. b4 Nb5 25. Nxb5 Rxb5 26. Bd2 f6 27. f4 Rb7 28. Bc3 Rf8
29. Rf2 fxe5 30. fxe5 Rxf2 31. Kxf2 Bf8 32. Bd2 Nb8 33. Bf1 Rf7+ 34. Bf4 Bh6 35.
Ng2 Be4 36. Ke3 Bxg2 37. Bxg2 Bxf4+ 38. gxf4 a6 39. Bf1 Ra7 40. Kf2 Kf7 41. Kg3
Rb7 42. Be2 Ke7 43. Bd1 Kf7 44. Kf2 Kg7 45. Be2 Ra7 46. Ke3 Kf7 47. Bd3 Kg7 48.
Ra3 Rb7 49. Ra4 Kf7 50. Kf2 Kg7 51. Ke3 Kf7 52. f5 exf5 53. Kf4 Kg6 54. Bxf5+
Kh6 55. e6 Re7 56. Ra3 Rb7 57. Ke5 Kg7 58. Kd6 Kf8 59. Re3 Re7 60. Bg6 1-0

[Event "Polfinaly Mistrzostw Polski Juniorow 2023 C-13"]
[Site "Jastrzebia Gora"]
[Date "1899-12-30"]
[Round "2.16"]
[White "Chmielnicki, Michal"]
[Black "Rabenda, Piotr"]
[Result "0-1"]
[WhiteTitle "II"]
[BlackTitle "II+"]
[WhiteElo "1116"]
[BlackElo "1468"]

1. e4 c5 2. Nf3 d6 3. Bb5+ Nd7 4. c3 Ngf6 5. e5 dxe5 6. Nxe5 a6 7. Ba4 Qc7 8. Nf3
b5 9. Bc2 Bb7 10. O-O e6 11. d4 Bd6 12. h3 O-O 13. Be3 Rfd8 14. Nbd2 Rac8 15.
Qe2 Qc6 16. Rad1 c4 17. Rfe1 h6 18. d5 Nxd5 19. Nd4 Nf4 20. Nxc6 Nxe2+ 21. Rxe2
Bxc6 22. Nxc4 Bc7 23. Nd6 Rb8 24. Be4 Bxe4 25. Nxe4 Ne5 26. Red2 Nc4 27. Rxd8+
Rxd8 28. Rxd8+ Bxd8 29. Bc1 Bb6 30. Kf1 f5 31. Ng3 Kf7 32. Ke2 Bc7 33. Kf3 Bxg3
34. Kxg3 Ne5 35. b4 g5 36. h4 f4+ 37. Kh2 Nd3 38. Bd2 Nxf2 39. hxg5 hxg5 40. g3
fxg3+ 41. Kg2 Ne4 42. Be1 Kf6 0-1

[Event "Polfinaly Mistrzostw Polski Juniorow 2023 C-13"]
[Site "Jastrzebia Gora"]
[Date "1899-12-30"]
[Round "2.17"]
[White "Sidor, Mateusz"]
[Black "Dunalski, Szymon"]
[Result "1-0"]
[WhiteTitle "II"]
[BlackTitle "II"]
[WhiteElo "1063"]
[BlackElo "1279"]

1. d4 d5 2. Nf3 Nf6 3. c4 c6 4. Nc3 e6 5. Bg5 Be7 6. e3 Nbd7 7. cxd5 exd5 8. Be2
O-O 9. O-O Ne4 10. Nxe4 dxe4 11. Bxe7 Qxe7 12. Nd2 f5 13. Qb3+ Kh8 14. Rac1 Nb6
15. Nc4 Be6 16. Qc2 Nxc4 17. Bxc4 Bxc4 18. Qxc4 Rf6 19. b4 Rg6 20. b5 Qg5 21.
g3 Qh5 22. bxc6 Rxc6 23. Qd5 Rh6 24. h4 Qg4 25. Rc7 Rf6 26. Rxb7 Raf8 27. Rxa7
Qh3 28. Ra8 h6 29. Rxf8+ Rxf8 30. Qe5 Rc8 31. d5 1-0

[Event "Polfinaly Mistrzostw Polski Juniorow 2023 C-13"]
[Site "Jastrzebia Gora"]
[Date "1899-12-30"]
[Round "2.18"]
[White "Piwowarczuk, Jeremiasz"]
[Black "Boguszewski, Kacper"]
[Result "0-1"]
[WhiteTitle "II"]
[BlackTitle "II"]
[WhiteElo "1012"]
[BlackElo "1211"]

1. d4 Nf6 2. Nc3 d5 3. Bf4 a6 4. e3 Bf5 5. f3 e6 6. g4 Bg6 7. h4 h5 8. g5 Nfd7
9. Bd3 Bxd3 10. Qxd3 c5 11. dxc5 Nxc5 12. Qd2 Nc6 13. Nge2 Bd6 14. a3 b5 15. Rg1
e5 16. Bh2 d4 17. exd4 exd4 18. Bxd6 Qxd6 19. O-O-O Rd8 20. Rge1 O-O 21. b4 Ne6
22. Ne4 Qd5 23. Kb1 Ne5 24. Nf4 Nxf4 25. Qxf4 d3 26. Nf6+ gxf6 27. gxf6 dxc2+
28. Kxc2 Qa2+ 29. Kc3 Qxa3+ 30. Kc2 Qa2+ 31. Kc3 Rc8+ 32. Kd4 Rc4+ 0-1

[Event "Polfinaly Mistrzostw Polski Juniorow 2023 C-13"]
[Site "Jastrzebia Gora"]
[Date "1899-12-30"]
[Round "2.19"]
[White "Hlubek, Tymoteusz"]
[Black "Poreba, Jan"]
[Result "1-0"]
[WhiteTitle "II+"]
[BlackTitle "III"]
[WhiteElo "1207"]
[BlackElo "1057"]

1. f4 d5 2. Nf3 Nc6 3. e3 Bg4 4. Bb5 e6 5. Bxc6+ bxc6 6. O-O Bd6 7. b3 Nf6 8. Bb2
O-O 9. d3 Bc5 10. Qe2 d4 11. e4 Re8 12. h3 Bxf3 13. Qxf3 e5 14. f5 Qe7 15. Nd2
Ba3 16. Bxa3 Qxa3 17. Nc4 Qc5 18. g4 h6 19. h4 Nh7 20. Qg3 f6 21. Qe1 a5 22. a4
Kf7 23. Qc1 Rg8 24. Kh1 g5 25. fxg6+ Rxg6 26. Rg1 Rag8 27. Qd1 Nf8 28. Qf3 Ne6
29. Qf5 Ke7 30. Raf1 Nf4 31. Rxf4 exf4 32. Qxc5+ Kd7 33. Qxd4+ Ke6 34. e5 Rxg4
35. Rxg4 Rxg4 36. Qc5 Rxh4+ 37. Kg2 fxe5 38. Qxe5+ Kd7 39. Qf5+ Ke7 40. Ne5 f3+
41. Kxf3 Rb4 42. Nxc6+ Kd6 43. Nxb4 axb4 44. Qf6+ Kc5 45. Ke4 h5 46. d4# 1-0

[Event "Polfinaly Mistrzostw Polski Juniorow 2023 C-13"]
[Site "Jastrzebia Gora"]
[Date "1899-12-30"]
[Round "3.1"]
[White "Krogulski, Maksymilian"]
[Black "Oles, Mateusz"]
[Result "0-1"]
[WhiteTitle "I"]
[BlackTitle "II+"]
[WhiteElo "1441"]
[BlackElo "1549"]

1. e4 c5 2. Nf3 d6 3. d4 cxd4 4. Nxd4 Nf6 5. Nc3 g6 6. Be3 Bg7 7. f3 O-O 8. Qd2
Nc6 9. O-O-O d5 10. Nxc6 bxc6 11. exd5 cxd5 12. Nxd5 Nxd5 13. Qxd5 Qc7 14. Qc5
Qb7 15. Bd4 Bf5 16. Qb5 Qc7 17. Qc5 Qb7 18. Qb5 Qc7 19. Qc5 Qxc5 20. Bxc5 Rfc8
21. b4 a5 22. a3 axb4 23. axb4 Bc3 24. Ba6 Rxa6 25. Rd8+ Rxd8 26. Bxe7 Ra1# 27.
Kd1 0-1

[Event "Polfinaly Mistrzostw Polski Juniorow 2023 C-13"]
[Site "Jastrzebia Gora"]
[Date "1899-12-30"]
[Round "3.2"]
[White "Uhryn, Lukasz"]
[Black "Staniczek, Kacper"]
[Result "1/2-1/2"]
[WhiteTitle "I"]
[BlackTitle "I"]
[WhiteElo "1435"]
[BlackElo "1504"]

1. e4 e5 2. Nf3 Nc6 3. Bb5 Bc5 4. O-O Nd4 5. Nxd4 Bxd4 6. c3 Bb6 7. d4 c6 8. Be2
d6 9. Na3 Nf6 10. Nc4 Bc7 11. dxe5 dxe5 12. Qc2 Be6 13. Bg5 h6 14. Bh4 g5 15.
Bg3 Bxc4 16. Bxc4 Qe7 17. Rad1 Rd8 18. Rxd8+ Kxd8 19. b4 Kc8 20. b5 cxb5 21. Bxb5
h5 22. h4 Ng4 23. hxg5 Qxg5 24. Qd1 h4 25. Bd7+ Kb8 26. Bf4 Qxf4 27. Bxg4 Qxe4
28. Bf3 Qf4 29. Re1 f5 30. Bxb7 e4 31. Qd5 h3 32. Ba6 Qh2+ 33. Kf1 hxg2+ 34. Ke2
Qh5+ 35. Kd2 Qh6+ 36. Kc2 Qxa6 37. Rb1+ Bb6 38. Qd6+ Kb7 39. Qd5+ Kb8 40. Qe5+
Kb7 41. Qd5+ Kc7 1/2-1/2

[Event "Polfinaly Mistrzostw Polski Juniorow 2023 C-13"]
[Site "Jastrzebia Gora"]
[Date "1899-12-30"]
[Round "3.3"]
[White "Seemann, Adam"]
[Black "Protas, Jakub"]
[Result "0-1"]
[WhiteTitle "II"]
[BlackTitle "II"]
[WhiteElo "1501"]
[BlackElo "1392"]

1. e4 Nf6 2. e5 Nd5 3. c4 Nb6 4. d4 d6 5. exd6 exd6 6. Nc3 Nc6 7. Be3 Be7 8. Bd3
O-O 9. Nge2 Bg5 10. Bxg5 Qxg5 11. O-O Re8 12. Ne4 Qh4 13. N4g3 g6 14. d5 Ne5 15.
b3 f5 16. Qd2 Nxd3 17. Qxd3 f4 18. Ne4 f3 19. gxf3 Bh3 20. Rfe1 Nd7 21. Nd4 Nc5
22. Qe3 Re5 23. Ne2 Nxe4 24. fxe4 Rxe4 25. Qc3 Rf8 26. Ng3 Ref4 27. Re2 Bg4 28.
Rb2 Bf3 29. Qe1 R4f5 30. Qf1 Rh5 31. h3 Rf4 32. Re1 Rg4 33. Kh2 Qg5 34. Re3 Qf4
35. Rb1 Rxh3+ 36. Qxh3 Rh4 37. Qxh4 Qxh4+ 38. Kg1 Bg4 39. Rbe1 Kf7 40. Re4 Qg5
41. R4e3 h5 42. Re7+ Qxe7 43. Rxe7+ Kxe7 44. Ne4 Bf5 45. Nc3 a6 46. Kh2 Kf6 47.
f4 Bd3 48. Kg3 Kf5 49. Kf3 h4 50. a3 h3 51. Kg3 h2 52. Kxh2 Kxf4 53. Kg2 Ke3 54.
Na4 Bc2 55. c5 Bxb3 56. Nb6 cxb6 57. cxd6 Bxd5+ 0-1

[Event "Polfinaly Mistrzostw Polski Juniorow 2023 C-13"]
[Site "Jastrzebia Gora"]
[Date "1899-12-30"]
[Round "3.4"]
[White "Rajlich, Vaclav"]
[Black "Lewek, Jakub"]
[Result "1-0"]
[WhiteTitle "I"]
[BlackTitle "I"]
[WhiteElo "1539"]
[BlackElo "1333"]

1. e4 c5 2. Nf3 Nc6 3. d4 cxd4 4. Nxd4 e5 5. Nb5 d6 6. N1c3 a6 7. Na3 Be6 8. Nd5
b5 9. c4 bxc4 10. Nxc4 Rb8 11. Be3 f5 12. Bb6 Rxb6 13. Ncxb6 Bxd5 14. Nxd5 Qa5+
15. Qd2 Qa4 16. Bd3 fxe4 17. Bc2 Qc4 18. Rc1 Qxa2 19. Bxe4 Nd4 20. Nc7+ Ke7 21.
Qb4 Nf6 22. Bd3 Qf7 23. O-O Nd7 24. Bc4 Qg6 25. Qb7 Nc2 26. Nd5+ 1-0

[Event "Polfinaly Mistrzostw Polski Juniorow 2023 C-13"]
[Site "Jastrzebia Gora"]
[Date "1899-12-30"]
[Round "3.5"]
[White "Jagodzinski, Jaromir"]
[Black "Michalczyk, Kajetan"]
[Result "1-0"]
[WhiteTitle "I"]
[BlackTitle "II"]
[WhiteElo "1527"]
[BlackElo "1168"]

1. e4 e5 2. Nf3 Nc6 3. Bb5 d6 4. d4 exd4 5. Nxd4 Bd7 6. Nxc6 Bxc6 7. Bxc6+ bxc6
8. O-O Nf6 9. Nc3 Be7 10. Bf4 d5 11. e5 Nd7 12. Qg4 g6 13. e6 Nf6 14. exf7+ Kxf7
15. Qf3 Re8 16. Rfe1 Qd7 17. Re2 Bf8 18. Be5 Bg7 19. Rae1 Re6 20. Na4 Ree8 21.
Nc5 Qf5 22. Qxf5 gxf5 23. Bxc7 Ne4 24. Nxe4 fxe4 25. c3 Re7 26. Bd6 Re6 27. Bc5
a6 28. f3 Rae8 29. fxe4 Rxe4 30. Rxe4 Rxe4 31. Kf2 Ke6 32. Re3 Bh6 33. Rh3 Rf4+
34. Ke2 Rf6 35. Be3 Bxe3 36. Rxe3+ Kd7 37. Rf3 Re6+ 38. Kd3 Kd6 39. Rf7 Rg6 40.
Rf2 Re6 41. g4 Rg6 42. Rf4 Rh6 43. Rf2 Rg6 44. h3 Rh6 45. Rf3 Rg6 46. b4 h5 47.
gxh5 Rh6 48. Rf5 Kc7 49. Kd4 Kb6 50. a4 a5 51. Ke3 axb4 52. cxb4 Ka6 53. Kf4 Kb6
54. h4 Ka6 55. Kg5 Rh8 56. Rf6 1-0

[Event "Polfinaly Mistrzostw Polski Juniorow 2023 C-13"]
[Site "Jastrzebia Gora"]
[Date "1899-12-30"]
[Round "3.6"]
[White "Lesik, Sebastian"]
[Black "Iwan, Patryk"]
[Result "0-1"]
[WhiteTitle "II"]
[BlackTitle "II+"]
[WhiteElo "1447"]
[BlackElo "1466"]

1. d4 d5 2. c4 e6 3. Nc3 a6 4. e3 Nf6 5. Nf3 dxc4 6. Bxc4 b5 7. Bd3 Bb7 8. O-O
Nbd7 9. a4 b4 10. Nb1 c5 11. Nbd2 Be7 12. Nc4 O-O 13. Re1 cxd4 14. Nxd4 Nc5 15.
Be2 Qc7 16. Bd2 e5 17. Nb3 Rfd8 18. Rc1 Nfe4 19. Qc2 Nxb3 20. Qxb3 Nc5 21. Qa2
Qc6 22. e4 Qxa4 23. Qxa4 Nxa4 24. b3 Nc3 25. Bxc3 bxc3 26. Nb6 Rab8 27. Nd5 Bxd5
28. exd5 Bg5 29. Rc2 Rxb3 30. Bxa6 Ra3 31. Bc4 Bd2 32. Rxe5 Ra1+ 33. Bf1 f6 34.
Re6 Rxd5 35. Ra6 Rb1 36. g3 Re5 37. Kg2 h6 38. Bd3 Rb8 39. Ra1 Re1 40. Rxe1 Bxe1
41. Kf1 Bd2 42. Ke2 Re8+ 43. Kf3 Ra8 44. Bc4+ Kf8 45. Ke2 Ra4 46. Bd3 Ke7 47.
Bb5 Ra5 48. Bc4 Ra4 49. Bb5 Rb4 50. Bd3 Kd6 51. Ra2 Kc5 52. f3 Rb7 53. g4 Kb4
54. Kd1 Re7 55. Be4 Kb3 56. Ra6 Re5 57. Ra7 h5 58. h3 hxg4 59. hxg4 g6 60. Rb7+
Kc4 61. Rf7 Ra5 62. Rc7+ Kd4 63. Ke2 f5 64. Rd7+ Ke5 65. gxf5 gxf5 66. Bd3 Ra1
67. Kf2 Kf4 68. Rd4+ Ke5 69. Rc4 Ra5 70. Ke2 Kf6 71. Kf2 Ra2 72. Rc6+ Kg5 73.
Kf1 Kf4 74. Rc5 Kxf3 75. Rxf5+ Bf4 76. Be2+ Kg3 77. Bd3 Rd2 78. Be4 c2 79. Bxc2
Rxc2 80. Ke1 Kf3 81. Rf8 Rc1# 0-1

[Event "Polfinaly Mistrzostw Polski Juniorow 2023 C-13"]
[Site "Jastrzebia Gora"]
[Date "1899-12-30"]
[Round "3.7"]
[White "Goralski, Mateusz"]
[Black "Kaszuba, Michal"]
[Result "1/2-1/2"]
[WhiteTitle "II"]
[BlackTitle "II+"]
[WhiteElo "1354"]
[BlackElo "1536"]

1. e4 c5 2. Nf3 g6 3. d4 cxd4 4. Nxd4 Nc6 5. c4 Nf6 6. Nc3 d6 7. Be2 Nxd4 8. Qxd4
Bg7 9. Be3 O-O 10. Qd1 a5 11. O-O a4 12. Rc1 Be6 13. f3 Qa5 14. Nd5 Nxd5 15. exd5
Bf5 16. Bd4 Rac8 17. Bxg7 Kxg7 18. Qd4+ Kg8 19. Rfd1 Rc7 20. Rc3 b6 21. Bf1 Rfc8
22. Re3 Qc5 23. Qxc5 bxc5 24. g4 Bd7 25. Rxe7 Rb8 26. Rd2 Kf8 27. Ree2 Rcb7 28.
Kf2 Rb4 29. Rc2 h5 30. Kg3 hxg4 31. fxg4 f6 32. Bg2 Kf7 33. h4 R8b6 34. Rf2 Rb8
35. Rfe2 R8b6 36. Be4 f5 37. gxf5 gxf5 38. Bd3 Rb8 39. Kf4 Kf6 40. Rh2 Rh8 41.
Rcg2 Rh5 42. Rg5 Be8 43. Rxh5 Bxh5 44. Rf2 Rb8 45. Bxf5 Rg8 46. Bh3 Rg1 47. Rf1
Rg7 48. Re1 Bf7 49. Bg4 Rh7 50. Rh1 Bg6 51. Rh3 Rb7 52. b3 axb3 53. Rxb3 Rxb3
54. axb3 Bc2 55. h5 Bxb3 56. Be2 Bc2 57. Ke3 Kg5 58. Kd2 Bb1 59. Kc3 Bf5 60. Kb3
Bd7 61. Ka3 Be8 62. Bd1 Bd7 63. Ba4 Bg4 64. Be8 Bd1 65. Kb2 Be2 66. Kc3 Bd1 67.
Bf7 Ba4 68. Bg6 Bd7 69. Kd2 Ba4 70. Ke3 Bd7 71. Bf7 Bf5 72. Be8 Bb1 73. Bf7 Bh7
74. Kd2 Be4 75. Kc3 Bf5 76. Be8 Bg4 77. Bg6 Bd1 78. Kb2 Ba4 79. Bc2 Be8 80. Ka3
Bxh5 81. Ka4 Be8+ 82. Ka5 Kf4 83. Bd3 Ke3 84. Bf1 Kd4 85. Kb6 Ba4 86. Kc7 Ke5
87. Be2 Bb3 88. Bf1 Bd1 1/2-1/2

[Event "Polfinaly Mistrzostw Polski Juniorow 2023 C-13"]
[Site "Jastrzebia Gora"]
[Date "1899-12-30"]
[Round "3.8"]
[White "Dobrowolski, Kamil"]
[Black "Kucinski, Jan"]
[Result "0-1"]
[WhiteTitle "II+"]
[BlackTitle "II"]
[WhiteElo "1628"]
[BlackElo "1230"]

1. e4 e5 2. Nf3 Nc6 3. Bb5 a6 4. Ba4 b5 5. Bb3 Nf6 6. O-O Bc5 7. d3 d6 8. h3 Na5
9. Bg5 h6 10. Be3 Nxb3 11. axb3 Bxe3 12. fxe3 Bb7 13. b4 O-O 14. b3 d5 15. exd5
Nxd5 16. Qd2 Qd6 17. c3 Nf6 18. e4 Rad8 19. Rd1 Qe6 20. Qc2 Rd7 21. Nbd2 Rfd8
22. Nf1 Nh5 23. Rd2 Nf4 24. Rad1 Qf6 25. N1h2 Qd6 26. Ng4 Ng6 27. Kh1 Qe7 28.
Re1 f6 29. Ne3 Nf4 30. Nf5 Qe6 31. Re3 Qb6 32. d4 exd4 33. cxd4 Qe6 34. Kh2 Ng6
35. d5 Qe8 36. g3 Ne5 37. N3d4 g6 38. Nh4 Re7 39. Ne6 Rc8 40. Rc3 c6 41. d6 Rxe6
42. Nf3 Nxf3+ 43. Rxf3 Rd8 44. Re2 Rdxd6 0-1

[Event "Polfinaly Mistrzostw Polski Juniorow 2023 C-13"]
[Site "Jastrzebia Gora"]
[Date "1899-12-30"]
[Round "3.9"]
[White "Furlepa, Oskar"]
[Black "Mielcuch, Karol"]
[Result "1/2-1/2"]
[WhiteTitle "II"]
[BlackTitle "II+"]
[WhiteElo "1243"]
[BlackElo "1479"]

1. e4 c5 2. Nf3 e6 3. d4 cxd4 4. Nxd4 Nc6 5. Nc3 Qc7 6. Be3 a6 7. Be2 b5 8. a3
Bb7 9. Qd2 Nf6 10. f3 Be7 11. O-O O-O 12. Kh1 Rac8 13. Bd3 Rfd8 14. Rad1 d5 15.
exd5 Nxd5 16. Nxc6 Bxc6 17. Nxd5 Bxd5 18. Qf2 Bc5 19. Rfe1 Bxe3 20. Qxe3 Rd7 21.
Rc1 Rcd8 22. Red1 g6 23. Qe2 Rd6 24. h3 Qd7 25. Rd2 Bb3 26. cxb3 Rxd3 27. Rxd3
Qxd3 28. Qc2 Qxc2 29. Rxc2 Rd3 30. b4 Rd6 31. Kg1 Kg7 32. Kf2 Kf6 33. Ke3 e5 34.
b3 Ke6 35. g3 f5 36. a4 g5 37. Rc7 f4+ 38. gxf4 gxf4+ 39. Ke2 1/2-1/2

[Event "Polfinaly Mistrzostw Polski Juniorow 2023 C-13"]
[Site "Jastrzebia Gora"]
[Date "1899-12-30"]
[Round "3.10"]
[White "Rabenda, Piotr"]
[Black "Hlubek, Tymoteusz"]
[Result "1-0"]
[WhiteTitle "II+"]
[BlackTitle "II+"]
[WhiteElo "1468"]
[BlackElo "1207"]

1. d4 Nf6 2. c4 g6 3. Nc3 Bg7 4. e4 d6 5. f3 O-O 6. Be3 c6 7. Nge2 Re8 8. Qd2 e5
9. O-O-O Qa5 10. Kb1 Be6 11. d5 cxd5 12. cxd5 Bd7 13. g4 b5 14. Ng3 b4 15. Nce2
Bb5 16. Nc1 Bxf1 17. Rdxf1 Qb5 18. h4 a5 19. Bh6 Rc8 20. Bxg7 Kxg7 21. h5 Nbd7
22. hxg6 fxg6 23. Qh6+ Kg8 24. g5 b3 25. a3 Rc2 26. gxf6 Nxf6 27. Nh5 Nxh5 28.
Rxh5 Rxc1+ 29. Rxc1 Qd3+ 30. Ka1 Ra7 31. Rc8+ Kf7 32. Qxh7+ Kf6 33. Rf8+ Rf7 34.
Rxf7# 1-0

[Event "Polfinaly Mistrzostw Polski Juniorow 2023 C-13"]
[Site "Jastrzebia Gora"]
[Date "1899-12-30"]
[Round "3.11"]
[White "Boguszewski, Kacper"]
[Black "Golab, Antoni"]
[Result "1/2-1/2"]
[WhiteTitle "II"]
[BlackTitle "II"]
[WhiteElo "1211"]
[BlackElo "1339"]

1. e4 c5 2. Nf3 d6 3. d4 cxd4 4. Nxd4 Nf6 5. Nc3 g6 6. Be3 Bg7 7. f3 O-O 8. Qd2
Nc6 9. O-O-O d5 10. Nxc6 bxc6 11. Bh6 Be6 12. Bxg7 Kxg7 13. h4 h5 14. Qe3 Qa5
15. a3 Rab8 16. Be2 dxe4 17. fxe4 Ng4 18. Bxg4 Bxg4 19. Rd4 Rb7 20. Rc4 Rfb8 21.
Na4 Be6 22. Qc3+ Qxc3 23. Rxc3 Bg4 24. b3 Rc7 25. Re1 Rd8 26. Ree3 Rd1+ 27. Kb2
Rd2 28. g3 Be2 29. Rc5 Bb5 30. Nc3 Ba6 31. Nd5 Rd7 32. Rxc6 Bb7 33. Rc5 e6 34.
Nc3 1/2-1/2

[Event "Polfinaly Mistrzostw Polski Juniorow 2023 C-13"]
[Site "Jastrzebia Gora"]
[Date "1899-12-30"]
[Round "3.12"]
[White "Raszkiewicz, Wiktor"]
[Black "Stasik, Marceli"]
[Result "1/2-1/2"]
[WhiteTitle "II"]
[BlackTitle "II"]
[WhiteElo "1335"]
[BlackElo "1122"]

1. e4 c5 2. Nf3 e6 3. d4 cxd4 4. Nxd4 Nf6 5. Bd3 Nc6 6. Nxc6 bxc6 7. e5 Qa5+ 8.
Nc3 Qxe5+ 9. Ne2 Qa5+ 10. Bd2 Qc7 11. O-O d5 12. Kh1 e5 13. c3 e4 14. Bf4 Bd6
15. Bxd6 Qxd6 16. Bc2 Ng4 17. Ng3 h5 18. Bxe4 h4 19. Bf3 hxg3 20. Bxg4 gxf2 21.
Qe2+ Kf8 22. h3 Qg3 23. Bxc8 Rxc8 24. Qxf2 Qxf2 25. Rxf2 Re8 26. Kg1 Rh6 27. Kf1
Rhe6 28. Rd1 Re4 29. Rf3 Re2 30. Rf2 R2e4 31. Rf3 f6 32. b3 Re3 1/2-1/2

[Event "Polfinaly Mistrzostw Polski Juniorow 2023 C-13"]
[Site "Jastrzebia Gora"]
[Date "1899-12-30"]
[Round "3.13"]
[White "Dunda, Szymon"]
[Black "Sidor, Mateusz"]
[Result "1-0"]
[WhiteTitle "II"]
[BlackTitle "II"]
[WhiteElo "1324"]
[BlackElo "1063"]

1. e4 c5 2. Nf3 a6 3. c4 d6 4. d4 cxd4 5. Nxd4 Nf6 6. Nc3 e6 7. Be3 Be7 8. Bd3
Nbd7 9. f4 b6 10. b4 O-O 11. O-O Bb7 12. f5 exf5 13. Nxf5 Ne5 14. Nd5 Nxd5 15.
exd5 b5 16. cxb5 axb5 17. Nxe7+ Qxe7 18. Bxb5 Ba6 19. Bxa6 Rxa6 20. b5 Raa8 21.
a4 Qh4 22. Bf2 Qb4 23. Qd4 Qa5 24. Be1 Qc7 25. b6 Qb7 26. a5 Qa6 27. Bb4 Rfd8
28. Bxd6 Rxd6 29. Qxe5 Rad8 30. Rfb1 Rxd5 31. Qc3 R5d7 32. Qb3 Rd3 33. Qb5 Qb7
34. a6 Qe4 35. Re1 Qd4+ 36. Kh1 Rd1 37. Raxd1 Qxd1 38. Qe8+ Rxe8 39. Rxd1 h6 40.
a7 1-0

[Event "Polfinaly Mistrzostw Polski Juniorow 2023 C-13"]
[Site "Jastrzebia Gora"]
[Date "1899-12-30"]
[Round "3.14"]
[White "Malecki, Patryk"]
[Black "Burszczan, Piotr"]
[Result "1-0"]
[WhiteTitle "II"]
[BlackTitle "II"]
[WhiteElo "1152"]
[BlackElo "1316"]

1. e4 e5 2. Nf3 Nc6 3. Bb5 d6 4. O-O Bg4 5. d3 Be7 6. Be3 Nf6 7. Nbd2 O-O 8. c3
d5 9. Qa4 dxe4 10. dxe4 Qd6 11. Nc4 Qe6 12. Ng5 Qc8 13. Bxc6 bxc6 14. Nxe5 Bd7
15. Rad1 Bd6 16. Nxd7 Nxd7 17. Qxc6 Ne5 18. Qd5 Ng4 19. Bc5 Nf6 20. Qc4 Bxc5 21.
Qxc5 h6 22. e5 hxg5 23. exf6 gxf6 24. Rfe1 Kg7 25. Re7 Qg4 26. Rdd7 Qf4 27. Qe3
Qf5 28. Qe4 Qb5 29. Qe6 Qxd7 30. Qxd7 Rad8 31. Rxf7+ 1-0

[Event "Polfinaly Mistrzostw Polski Juniorow 2023 C-13"]
[Site "Jastrzebia Gora"]
[Date "1899-12-30"]
[Round "3.17"]
[White "Wozniak, Bartosz"]
[Black "Skrzypiec, Franciszek"]
[Result "1-0"]
[WhiteTitle "II"]
[BlackTitle "II"]
[WhiteElo "1121"]
[BlackElo "1280"]

1. e4 c5 2. Nf3 Nc6 3. d4 cxd4 4. Nxd4 g6 5. Nc3 Bg7 6. Be3 Nf6 7. Bc4 O-O 8. Bb3
d6 9. f3 Bd7 10. Qd2 Rc8 11. O-O-O a6 12. Nxc6 Bxc6 13. Bh6 b5 14. Bxg7 Kxg7 15.
g4 a5 16. Nd5 Bxd5 17. Bxd5 e6 18. Bb7 Rb8 19. Ba6 d5 20. h4 Qb6 21. e5 Ng8 22.
h5 h6 23. g5 Qxa6 24. Rdg1 b4 25. gxh6+ Kh7 26. hxg6+ fxg6 27. Qg5 Qb7 28. Qxg6+
Kh8 29. Qg7+ 1-0

[Event "Polfinaly Mistrzostw Polski Juniorow 2023 C-13"]
[Site "Jastrzebia Gora"]
[Date "1899-12-30"]
[Round "3.19"]
[White "Dunalski, Szymon"]
[Black "Poreba, Jan"]
[Result "1/2-1/2"]
[WhiteTitle "II"]
[BlackTitle "III"]
[WhiteElo "1279"]
[BlackElo "1057"]

1. e4 e5 2. Nf3 Nf6 3. Nc3 Nc6 4. d3 h6 5. Be3 Bb4 6. Be2 O-O 7. O-O d6 8. Nd5
Nxd5 9. exd5 Ne7 10. c4 Ba5 11. Bd2 Bb6 12. Bc3 Ng6 13. Bd2 Bf5 14. h3 Qf6 15.
g4 Bd7 16. b4 a5 17. b5 Rfe8 18. Nh2 Bd4 19. Rc1 Nf4 20. Bxf4 Qxf4 21. Kg2 h5
22. f3 h4 23. Qe1 Be3 24. Rc2 c6 25. a4 g5 26. dxc6 bxc6 27. Rh1 cxb5 28. axb5
a4 29. Nf1 Bc5 30. Nd2 a3 31. Ra2 Bb4 32. Qd1 Qg3+ 33. Kf1 Bc5 34. Ne4 Qf4 35.
Nxc5 dxc5 36. Qa1 e4 37. dxe4 Rxe4 38. Rxa3 Rxa3 39. Qxa3 Rxe2 40. Kxe2 Qxc4+
41. Qd3 Bxb5 42. Qxc4 Bxc4+ 43. Kd2 Bd5 44. Ke3 c4 45. Rc1 Kg7 46. Rc2 Kf6 47.
f4 gxf4+ 48. Kxf4 Kg6 49. Ke5 Be6 1/2-1/2

[Event "Polfinaly Mistrzostw Polski Juniorow 2023 C-13"]
[Site "Jastrzebia Gora"]
[Date "1899-12-30"]
[Round "3.21"]
[White "Smejda, Hubert"]
[Black "Piwowarczuk, Jeremiasz"]
[Result "1-0"]
[WhiteTitle "III"]
[BlackTitle "II"]
[WhiteElo "1091"]
[BlackElo "1012"]

1. e4 e6 2. d4 d5 3. Nd2 dxe4 4. Nxe4 Nf6 5. Nxf6+ Qxf6 6. Nf3 h6 7. c3 Bd6 8.
Bd3 Bd7 9. O-O Bc6 10. Be2 g5 11. Be3 g4 12. Ne1 Qh4 13. g3 Qh3 14. Bxg4 1-0

[Event "Polfinaly Mistrzostw Polski Juniorow 2023 C-13"]
[Site "Jastrzebia Gora"]
[Date "1899-12-30"]
[Round "4.1"]
[White "Oles, Mateusz"]
[Black "Protas, Jakub"]
[Result "1-0"]
[WhiteTitle "II+"]
[BlackTitle "II"]
[WhiteElo "1549"]
[BlackElo "1392"]

1. e4 c5 2. Nf3 d6 3. d4 cxd4 4. Nxd4 Nf6 5. Nc3 g6 6. Be3 Bg7 7. f3 O-O 8. Qd2
Nc6 9. O-O-O d5 10. exd5 Nxd5 11. Nxc6 bxc6 12. Bd4 Nxc3 13. Qxc3 Bxd4 14. Rxd4
Qb6 15. h4 Be6 16. h5 Rad8 17. Rdh4 g5 18. h6 f6 19. Re4 Kf7 20. Bc4 Bd5 21. Rhe1
Rd7 22. Qd3 Qc7 23. Rd4 Kg8 24. Bxd5+ cxd5 25. Rxd5 Rfd8 26. Rxe7 Rxe7 27. Rxd8+
Kf7 28. Qxh7+ Ke6 29. Qg8+ Kf5 30. Qd5+ Kg6 31. Qd3+ Kh5 32. g4+ Kh4 33. Qd1 Qa5
34. Rd2 Kg3 35. Qg1+ Kxf3 36. Rf2+ Ke4 37. Re2+ Kd5 38. Rxe7 Qxa2 39. Qd1+ Kc5
40. Rc7+ Kb6 41. Qd6+ Kb5 42. Rc5+ 1-0

[Event "Polfinaly Mistrzostw Polski Juniorow 2023 C-13"]
[Site "Jastrzebia Gora"]
[Date "1899-12-30"]
[Round "4.2"]
[White "Staniczek, Kacper"]
[Black "Rajlich, Vaclav"]
[Result "1/2-1/2"]
[WhiteTitle "I"]
[BlackTitle "I"]
[WhiteElo "1504"]
[BlackElo "1539"]

1. e4 c5 2. Nf3 g6 3. d4 cxd4 4. Nxd4 Nc6 5. Nc3 Bg7 6. Be3 Nf6 7. Bc4 Qa5 8. O-O
O-O 9. Bb3 d6 10. h3 Bd7 11. Re1 Rfc8 12. Nd5 Qd8 13. Nxf6+ Bxf6 14. c3 Na5 15.
f4 e5 16. fxe5 dxe5 17. Nf3 Nc4 18. Bxc4 Rxc4 19. Bf2 Bc6 20. Qc2 Qe7 21. b3 Rc5
22. Bxc5 Qxc5+ 23. Kh1 Kg7 24. c4 h5 25. g3 g5 26. Ng1 Rd8 27. Qe2 Rd4 28. Qf3
Qd6 29. Kh2 Rd3 30. Re3 Rd2+ 31. Re2 Rd3 32. Re3 Rd2+ 33. Ne2 g4 34. hxg4 Bg5
35. Rf1 f6 36. Rf2 Bxe3 37. Qxe3 Rd3 38. Qxa7 Bxe4 39. gxh5 Rd1 40. Ng1 Rd2 41.
Qe3 Rxf2+ 42. Qxf2 Qd4 43. Qe2 Bd3 44. Qf3 Be4 45. Qe2 Bd3 46. Qf3 Be4 1/2-1/2

[Event "Polfinaly Mistrzostw Polski Juniorow 2023 C-13"]
[Site "Jastrzebia Gora"]
[Date "1899-12-30"]
[Round "4.3"]
[White "Iwan, Patryk"]
[Black "Jagodzinski, Jaromir"]
[Result "1/2-1/2"]
[WhiteTitle "II+"]
[BlackTitle "I"]
[WhiteElo "1466"]
[BlackElo "1527"]

1. e4 c5 2. Nf3 g6 3. d4 cxd4 4. Nxd4 Nc6 5. c4 Nf6 6. Nc3 Bg7 7. Be3 Ng4 8. Qxg4
Nxd4 9. Qd1 Ne6 10. Rc1 d6 11. Be2 O-O 12. O-O a5 13. b3 Bd7 14. a4 Bc6 15. f3
Nc5 16. Qc2 Qb6 17. Nb5 Bxb5 18. cxb5 Rac8 19. Bc4 Rfd8 20. Qd2 Qc7 21. b4 axb4
22. Qxb4 b6 23. Bd5 e6 24. Bb3 Ra8 25. Rc2 Qb7 26. Rd1 Rd7 27. Rcd2 Rad8 28. Kf1
h5 29. Qc4 Bf6 30. Ke2 Kf8 1/2-1/2